000 00595nam a2200229Ia 4500
003 OSt
005 20221005124101.0
006 a|||||r|||| 00| 0
007 ta
008 221004b |||||||| |||| 00| 0 kan d
024 _a59944
037 _cTextual
040 _aCRL
_cCRL
_bkan
041 _2kan
_akan
082 _aO33,1x(Y:351), L3
100 _aKambara Chandra Sekhara
_9634672
245 0 _aMathadu lingave
260 _c1973
650 _aKANNAD LITERATURE
942 _hO33,1x(Y:351), L3
_cTEXL
_2cc
999 _c1049410
_d1049410